Online Catalogue and eLibrary

The issues at stake : (Record no. 1912)

MARC details
000 -LEADER
fixed length control field 00276nam a2200097Ia 4500
008 - FIXED-LENGTH DATA ELEMENTS--GENERAL INFORMATION
fixed length control field 240331s9999 xx 000 0 und d
082 ## - DDC Classification
Item Number - Author Mark GAN
100 ## - MAIN ENTRY--PERSONAL NAME
Personal name Gandhi, N
245 #4 - TITLE STATEMENT
Title The issues at stake :
Remainder of title theory and practice in the contemporary women's movements in India
942 ## - Koha item type (Biblio)
Koha item type Books in Stacks (Lending)

No items available.

© WERC Library